Statistiken für Videospielcharaktere erraten #1

Klicken Sie hier um das Quiz zu spielen!

Allgemein

  • Dieses Quiz wurde 183 mal gespielt
  • Das Durchschnittsergebnis liegt bei 3 aus 7

Antwortstatistiken

Antwort% Korrekt
Toad
98%
Steve
78%
Tails
50%
Melinda
43%
Scorpion
28%
Cody
25%
Bella
6%

Verteilung der Resultate

Perzentil nach korrekt beantworteten Fragen

Anzahl Personen mit jedem Resultat

Ihre Resultats-Entwicklung

Sie haben dieses Quiz noch nicht gespielt